Rapsodia Della Storia Di Tormina Dalle origini al 1860

में बचाया:
ग्रंथसूची विवरण
मुख्य लेखक: Benito Ragno
स्वरूप: पुस्तक
भाषा:अज्ञात या अवैध भाषा
प्रकाशित: Editrice Giannotta Catania
टैग: टैग जोड़ें
कोई टैग नहीं, इस रिकॉर्ड को टैग करने वाले पहले व्यक्ति बनें!

MARC

LEADER 00000nam a2200000Ia 4500
001 R-2024
003 CODICE-MESSINA
005 20260212102526.0
008 260211s9999 xx 000 0 und d
040 |c importazione_messina 
100 |a Benito Ragno 
245 0 |a Rapsodia Della Storia Di Tormina 
245 0 |b Dalle origini al 1860 
260 |b Editrice Giannotta Catania 
942 |2 ddc  |c BK 
952 |0 0  |1 0  |2 ddc  |4 0  |6 SCAFFALE_21_000000000000000__STANZA_2__ROMANZO  |7 0  |9 32865  |a ME  |b ME  |d 2026-02-11  |l 0  |o SCAFFALE 21 - STANZA 2 - ROMANZO  |p R-2024  |r 2026-02-11 23:53:27  |w 2026-02-11  |x [REVISIONARE]  |y BK 
999 |c 28532  |d 28532